| 000 | 01106cam a22002054a 4500 | ||
|---|---|---|---|
| 005 | 20250605164058.0 | ||
| 008 | 250528s ||||||||||||||||||||||||d | ||
| 035 | _a17535 | ||
| 020 | _a1412939186 | ||
| 040 |
_aGR-AtMCL _bgre _dGR-AtMCL _eAACR2 |
||
| 245 | 1 | _aBully Prevention / Tips and Strategies for School Leaders and Classroom Teachers | |
| 250 | _a2nd | ||
| 260 |
_bCorwin Press, _c2006 |
||
| 300 | _a130 | ||
| 520 | _aThis book addresses the growing concern of bullying and violence by offering updated strategies for developing social skills, resolving conflicts, and intervening in bullying situations. Preface, Publisher's Acknowledgements, The Bully and Victim and Witness Relationship Defined, Origins of Bully-Victim-Witness Behavior, Implementing the Schoolwide Anti-Bullying Program, Strategies for Managing and Preventing Bullying Behavior in the Classroom, Strategies for Intervention, Evaluating Anti-Bullying Initiatives, Legislation Regarding Bullying Behavior, References, Index. | ||
| 700 | 1 |
_aBarton Elizabeth A. _93681 |
|
| 942 | _cBK | ||
| 999 |
_c2943 _d2943 |
||